[Event "Open"]
[Site "Vienna AUT"]
[Date "2003.08.22"]
[Round "7"]
[White "Seifert,D"]
[Black "Krallmann,M"]
[Result "1/2-1/2"]
[WhiteElo "2115"]
[BlackElo "2258"]

1.d4 d5 2.c4 dxc4 3.e4 Nc6 4.Nf3 Bg4 5.d5 Ne5 6.Bf4 Ng6 7.Bg3 e5 8.Bxc4 Bd6
9.Bb5+ Kf8 10.O-O h5 11.h3 h4 12.Bh2 Bxf3 13.Qxf3 Nf6 14.Nc3 a6 15.Ba4 Nh5
16.Ne2 Qg5 17.Bd7 Nhf4 18.Bg4 Nxe2+ 19.Qxe2 Nf4 20.Qc2 g6 21.Rab1 Kg7 22.Kh1 Raf8
23.Bf3 f5 24.Bxf4 Qxf4 25.Rfe1 Rf6 26.Qc1 Qxc1 27.Rbxc1 Rhf8 28.Rc4 fxe4
29.Rexe4 Rf4 30.Kg1 a5  1/2-1/2

[Event "ch-ISL"]
[Site "Hafnarborg ISL"]
[Date "2003.09.01"]
[Round "9"]
[White "Halldorsson,G"]
[Black "Thorhallsson,T"]
[Result "1/2-1/2"]
[WhiteElo "2282"]
[BlackElo "2444"]

1.d4 d5 2.c4 dxc4 3.e4 Nf6 4.e5 Nd5 5.Bxc4 e6 6.Nf3 a6 7.O-O b5 8.Bd3 Bb7
9.Nc3 c5 10.Ne4 cxd4 11.Bg5 Qb6 12.Nxd4 Nd7 13.Nf3 h6 14.Bd2 Be7 15.Qe2 O-O
16.Rac1 Rfd8 17.h3 Nf8 18.Ng3 Bb4 19.Bb1 Bxd2 20.Qxd2 Ne7 21.Qb4 Nfg6 22.Be4 Bd5
23.Rfd1 Rac8 24.Rxc8 Rxc8 25.b3 a5 26.Qd2 b4 27.Bxd5 Nxd5 28.Rc1 Rxc1+ 29.Qxc1 Nc3
30.Qd2 Qc7 31.Qd6 Qxd6 32.exd6 Kf8 33.Nd4 Ke8 34.Nc6 Kd7 35.Nxa5 Nxa2 36.Nc4 Nc3
37.Nh5 Ne4 38.Nxg7 Nxd6 39.Nb2 Nf4 40.g3 Nxh3+ 41.Kg2 Ng5 42.Nd3 Nge4 43.Nxb4 Nc5
44.Kh3 Ke7 45.Nc6+ Kf8 46.Nh5 Nxb3 47.g4 Nc5 48.f3 Nd7 49.f4 Ne4 50.Kh4 f6
51.Nd4 Kf7 52.Nc6 Ndc5 53.Nd8+ Ke7 54.Nc6+ Kd7 55.Nd4 Nd3 56.Ne2 Ke7 57.Nd4 Kd6
58.Ne2 Kd5 59.Ng7 Nec5 60.Ne8 Nd7 61.Kh5 Ke4 62.f5 e5 63.Kxh6 Kf3 64.Nxf6 Nxf6
65.g5 Kxe2 66.gxf6 Nc5 67.f7 Nd7 68.Kg7 e4 69.f8=Q  1/2-1/2

[Event "56th ch-RUS"]
[Site "Krasnoyarsk RUS"]
[Date "2003.09.03"]
[Round "1"]
[White "Epishin,V"]
[Black "Bezgodov,A"]
[Result "0-1"]
[WhiteElo "2642"]
[BlackElo "2542"]

1.d4 d5 2.c4 dxc4 3.e4 e5 4.Nf3 exd4 5.Bxc4 Bb4+ 6.Nfd2 Nc6 7.O-O Nf6 8.e5 Nd5
9.Qf3 Be6 10.Qg3 Qd7 11.a3 Be7 12.Nf3 Nc3 13.Bd3 Bf5 14.bxc3 Bxd3 15.Re1 O-O-O
16.Bd2 Bxb1 17.Raxb1 dxc3 18.Bxc3 Bxa3 19.e6 fxe6 20.h4 Rhf8 21.h5 Rf5 22.Qg4 g6
23.hxg6 hxg6 24.Qxg6 Bc5 25.Qxe6 Qxe6 26.Rxe6 a5 27.Kf1 Bd6 28.Re3 Rg8 29.Nd2 Rh5
30.Rh3 Rxh3 31.gxh3 Bb4 32.Bxb4 Nxb4 33.Ne4 b6 34.Ke2 Nd5 35.Kf3 Rf8+ 36.Kg3 Kd7
37.h4 a4 38.h5 Rg8+ 39.Kf3 Ke6 40.Re1 Rf8+ 41.Kg4 Nf6+ 42.Kh4 a3 43.f4 Ra8
44.Nc3+ Kf5 45.h6 Kxf4 46.Na2 Rh8 47.Rf1+ Ke5 48.Re1+ Kf5 49.Re3 Rxh6+ 50.Kg3 Ne4+
51.Kg2 Rg6+ 52.Kh2 Rc6 53.Rxa3 Rc2+ 54.Kh3 c5 55.Ra8 b5 56.Ra5 Kf4  0-1

[Event "TCh-CRO w"]
[Site "Rabac CRO"]
[Date "2003.09.07"]
[Round "1"]
[White "Sargac,R"]
[Black "Detelic,M"]
[Result "1-0"]
[WhiteElo "2214"]
[BlackElo "1921"]

1.d4 d5 2.c4 dxc4 3.e4 e6 4.Bxc4 Nf6 5.e5 Nd5 6.Nf3 Be7 7.O-O O-O 8.Nbd2 c5
9.dxc5 Bxc5 10.Ne4 Be7 11.a3 a6 12.Bd3 h6 13.Qe2 Nd7 14.Bd2 Re8 15.Ng3 Nf8
16.Rfd1 Bd7 17.Qe4 Kh8 18.Qg4 f5 19.Qh5 Kh7 20.Qf7 Ng6 21.Nxf5 exf5 22.Qxd5 Bc6
23.Qxd8 Bxd8 24.Bxf5 Bxf3 25.gxf3 Rxe5 26.Be4 Re7 27.Bb4 Rf7 28.Rd6 Bf6 29.h4 h5
30.Rd5 Bxb2 31.Rb1 Bf6 32.Rxh5+ Kg8 33.Bxg6 Rc7 34.Be4 Kf7 35.Bd6 Rd7 36.Bg3 Rad8
37.Rxb7 Kg8 38.Rxd7 Rxd7 39.Rc5 Kf7 40.h5 Ke7 41.a4  1-0

[Event "Osen I"]
[Site "Alushta UKR"]
[Date "2003.09.20"]
[Round "6"]
[White "Kanep,M"]
[Black "Drozdovskij,Y"]
[Result "0-1"]
[WhiteElo "2470"]
[BlackElo "2458"]

1.d4 d5 2.c4 dxc4 3.e4 Nf6 4.e5 Nd5 5.Bxc4 Nb6 6.Bd3 Nc6 7.Ne2 Bg4 8.f3 Be6
9.Nbc3 Bc4 10.Bxc4 Nxc4 11.e6 fxe6 12.O-O Qd7 13.Qb3 Nb6 14.Be3 O-O-O 15.a4 Na5
16.Qc2 Nd5 17.Bf2 g6 18.Ne4 Bh6 19.Nc5 Qc6 20.Rab1 b6 21.b4 Ne3 22.Qc3 Nd5
23.Qd3 bxc5 24.bxa5 c4 25.Qe4 Kd7 26.Rb5 Rb8 27.Rc5 Qa6 28.Bg3 Rb7 29.Be5 Rhb8
30.f4 Rb3 31.h3 R8b4 32.Rc1 c6 33.Re1 Ke8 34.Nc1 Rb1 35.Kh1 Ra1 36.Bg7 Rbb1
37.Bxh6 Rxc1 38.Rxc1 Rxc1+ 39.Kh2 Kd7 40.Qe2 Rc3 41.Bg7 Qb7 42.Be5 Qb3 43.Qg4 Qxa4
44.f5 exf5 45.Qh4 Rc2 46.Rxd5+ cxd5 47.Qxh7 Qc6  0-1

[Event "Osen I"]
[Site "Alushta UKR"]
[Date "2003.09.23"]
[Round "10"]
[White "Kanep,M"]
[Black "Danielian,E"]
[Result "1/2-1/2"]
[WhiteElo "2470"]
[BlackElo "2400"]

1.d4 d5 2.c4 dxc4 3.e4 Nf6 4.e5 Nd5 5.Bxc4 Nb6 6.Bd3 Nc6 7.Ne2 Bg4 8.f3 Be6
9.Nbc3 Qd7 10.Be3 O-O-O 11.Be4 f5 12.Bxc6 Qxc6 13.Bf2 Bc4 14.Rc1 e6 15.O-O Qd7
16.Re1 g5 17.b3 Bxe2 18.Rxe2 Bb4 19.Na4 Nxa4 20.bxa4 Ba5 21.Rb2 Bb6 22.Rc4 h5
23.Qd2 Qd5 24.Qc3 Kb8 25.Rb5 Qd7 26.Rb1 Qd5 27.Rb5 Qd7 28.Rb1 Qd5 29.Rb5  1/2-1/2

[Event "Osen I"]
[Site "Alushta UKR"]
[Date "2003.09.24"]
[Round "12"]
[White "Kanep,M"]
[Black "Tishin,D"]
[Result "1-0"]
[WhiteElo "2470"]
[BlackElo "2310"]

1.d4 d5 2.c4 dxc4 3.e4 c5 4.d5 Nf6 5.Nc3 b5 6.Bf4 Qa5 7.e5 Ne4 8.Qf3 Nxc3
9.bxc3 Bb7 10.e6 fxe6 11.Qg3 Na6 12.dxe6 O-O-O 13.Be5 h5 14.Be2 h4 15.Qg5 h3
16.Bf3 Nb4 17.Bxb7+ Kxb7 18.cxb4 Qxb4+ 19.Kf1 c3 20.gxh3 c2 21.Kg2 Qe4+ 22.Nf3 Rd3
23.Qg4 Qd5 24.Rhe1 Rd1 25.Qg6 Rxe1 26.Rxe1 Rh6 27.Qxc2 Rxe6 28.Qe4  1-0

[Event "Tatry Open"]
[Site "Tatranske Zruby SVK"]
[Date "2003.09.28"]
[Round "2"]
[White "Furman,B"]
[Black "Taus,M"]
[Result "1-0"]
[WhiteElo "2312"]
[BlackElo "2124"]

1.d4 d5 2.c4 dxc4 3.e4 e5 4.Nf3 Bb4+ 5.Nc3 exd4 6.Nxd4 Qe7 7.Bxc4 Qxe4+ 8.Kf1 Bxc3
9.bxc3 Be6 10.Qa4+ Nc6 11.Bg5 Bxc4+ 12.Qxc4 Nge7 13.Re1 Qg4  1-0

[Event "ECC"]
[Site "Rethymnon GRE"]
[Date "2003.10.02"]
[Round "5"]
[White "Georgiev,Ki"]
[Black "Schulz,KJ"]
[Result "1-0"]
[WhiteElo "2637"]
[BlackElo "2380"]

1.d4 d5 2.c4 dxc4 3.e4 e5 4.Nf3 Bb4+ 5.Nc3 exd4 6.Nxd4 Ne7 7.Bxc4 Nbc6 8.Be3 Nxd4
9.Bxd4 O-O 10.O-O c6 11.a3 Ba5 12.Bc5 Qxd1 13.Raxd1 Re8 14.f4 Ng6 15.b4 Bb6
16.h3 Nf8 17.Bxb6 axb6 18.a4 Be6 19.Bxe6 Rxe6 20.Rd3 f6 21.Rfd1 Kf7 22.Kf2 Ree8
23.h4 Ke7 24.h5 Red8 25.Ke3 Rxd3+ 26.Rxd3 Rd8 27.Rxd8 Kxd8 28.Nb1 g6 29.g4 Ne6
30.Nd2 gxh5 31.gxh5 h6 32.Nc4 Ng7 33.Nd6 Kd7 34.Nf7 Nxh5 35.Nxh6 Ng7 36.Ng4 Ke7
37.Kd3 Ne6 38.f5 Nc7 39.Ne3 b5 40.a5 Na6 41.Kc3 Kd6 42.Ng4 Ke7 43.Nf2 Nb8
44.Kd4 Na6 45.Nd3 Kd6 46.e5+ fxe5+ 47.Ke4 Nc7 48.Nc5 Nd5 49.Nxb7+ Kc7 50.Nc5 Nxb4
51.Kxe5 Nd5 52.f6 Kd8 53.a6  1-0

[Event "ECC"]
[Site "Rethymnon GRE"]
[Date "2003.10.04"]
[Round "7"]
[White "Krasenkow,M"]
[Black "Kharlov,A"]
[Result "1/2-1/2"]
[WhiteElo "2585"]
[BlackElo "2591"]

1.d4 d5 2.c4 dxc4 3.e4 Nc6 4.Nf3 Bg4 5.d5 Ne5 6.Nbd2 e6 7.Qa4+ Qd7 8.Qxd7+ Nxd7
9.dxe6 Bxe6 10.Nd4 Ne5 11.Nxe6 fxe6 12.Nxc4 Bb4+ 13.Bd2 Bxd2+ 14.Kxd2 Rd8+
15.Ke3 Ng4+ 16.Ke2 Rd4 17.Nd2 Rxd2+ 18.Kxd2 Nxf2 19.Rg1 Nxe4+ 20.Kc2 Nd6
21.g3 Ne7 22.Bh3 Kd7 23.Rge1 Nef5 24.Rad1  1/2-1/2

[Event "Classics II GM"]
[Site "Gausdal NOR"]
[Date "2003.10.21"]
[Round "1"]
[White "Orr,M"]
[Black "Afek,Y"]
[Result "1/2-1/2"]
[WhiteElo "2352"]
[BlackElo "2376"]

1.d4 d5 2.c4 dxc4 3.e4 c5 4.d5 e6 5.Nc3 exd5 6.Nxd5 Ne7 7.Bxc4 Nxd5 8.Bxd5 Be7
9.Ne2 O-O 10.O-O Nd7 11.Nc3 Nb6 12.Bf4 Nxd5 13.Nxd5 Bd6 14.e5 Bb8 15.Qb3 Be6
16.Rad1 b6 17.Qf3 Bxd5 18.Rxd5 Qe7 19.Rfd1 Qb7 20.Bg5 Bc7 21.Qg4 Qc8 22.Qg3 Qe6
23.f4 Kh8 24.Qf3 Qf5 25.b3 Rac8 26.h3 Rfe8 27.Kf1 b5 28.Rxc5 Bb6 29.Rxc8 Rxc8
30.Qd3 Qe6 31.Qd7 h6 32.Qxe6 fxe6 33.Bh4 Rf8 34.Bg3 g5 35.Ke2 gxf4 36.Bh4 Kg7
37.Kf3 Kg6 38.Ke4 Kh5 39.Bf6 Rg8 40.Rd2 Be3 41.Rc2 Rg3 42.b4 Rg8 43.Be7 Rg3
44.Bc5 Kg5 45.Be7+ Kh5 46.Bc5  1/2-1/2

[Event "Classics II GM"]
[Site "Gausdal NOR"]
[Date "2003.10.24"]
[Round "5"]
[White "Tallaksen,G"]
[Black "Afek,Y"]
[Result "1/2-1/2"]
[WhiteElo "2327"]
[BlackElo "2376"]

1.d4 d5 2.c4 dxc4 3.e4 e5 4.Nf3 exd4 5.Bxc4 Nc6 6.O-O h6 7.Nbd2 Bc5 8.Nb3 Bb6
9.Bb5 Bg4 10.Nbxd4 Ne7 11.Nxc6 bxc6 12.Be2 O-O 13.Qc2 Qd6 14.Rd1 Qf6 15.Bd2 Bxf3
16.Bxf3 Bd4 17.Bc3 Bxc3 18.Qxc3 Qxc3 19.bxc3 Rfd8 20.g3 Kf8 21.Be2 Ke8 22.Bc4 f6
23.f4 Rab8 24.Bb3 Rd6 25.Kf2 Rb5 26.Ke3 Rc5 27.Rd3 Nc8 28.Kd2 Nb6 29.Re1 Nd7
30.Kc2 Rh5 31.Re2 Nc5 32.Rd4 Nxb3 33.axb3 Ra5 34.Kb2 c5 35.Ra4 Rxa4 36.bxa4 c4
37.a5 Kd7 38.e5 fxe5 39.fxe5 Ra6 40.Re4 Rxa5 41.e6+ Ke7 42.Rxc4 c5 43.Rg4 g5
44.h4 Kxe6 45.hxg5 Kf5 46.Rf4+ Kxg5 47.Kb3 h5 48.Rc4 Ra1 49.Rxc5+ Kg4 50.Kb4 Rb1+
51.Kc4 Rb7 52.Re5 Rf7 53.Re3 Rf3 54.Rxf3 Kxf3 55.Kd4 Kxg3 56.c4 h4 57.c5 h3
58.c6 h2 59.c7 h1=Q 60.c8=Q Qg1+ 61.Kd3 Qd1+ 62.Ke3 Qb3+ 63.Kd2 Qb6 64.Kc2 Kf4
65.Qc4+ Ke5 66.Qc3+ Kd5 67.Qb3+ Kc6 68.Qxb6+ axb6 69.Kb2 Kd5 70.Kb3  1/2-1/2

[Event "300 Years"]
[Site "St Petersburg RUS"]
[Date "2003.10.25"]
[Round "8"]
[White "Vitiugov,N"]
[Black "Sorokin,M"]
[Result "1/2-1/2"]
[WhiteElo "2457"]
[BlackElo "2560"]

1.d4 d5 2.c4 dxc4 3.e4 e5 4.Nf3 exd4 5.Bxc4 Nc6 6.O-O Be6 7.Bxe6 fxe6 8.Qb3 Qd7
9.Qxb7 Rb8 10.Qa6 Nf6 11.Nbd2 Bb4 12.Nc4 O-O 13.a3 Bc5 14.b4 Nxe4 15.Re1 Qd5
16.Rxe4 Qxe4 17.Ncd2 Qd5 18.bxc5 Qxc5 19.Qd3 Qc3 20.Qxc3 dxc3 21.Ne4 Rfd8
22.Nxc3 Rb3 23.Bg5 Rxc3 24.Bxd8 Nxd8 25.h4 Kf8 26.Rd1 Ke8 27.a4 Rc4 28.a5 h6
29.Ne5 Rxh4 30.Rc1 Re4 31.f4 c6 32.Nxc6 Nxc6 33.Rxc6 Rxf4 34.Rxe6+ Kd8 35.Rg6 Rf5
36.Ra6 Rf7 37.Rg6 Kc7 38.Kh2 Kd8 39.Kh3 Rf5 40.a6 Rf6 41.Rxf6 gxf6 42.Kg4 Kc7
43.Kf5  1/2-1/2

[Event "WYb18"]
[Site "Halkidiki GRE"]
[Date "2003.10.29"]
[Round "7"]
[White "Lafuente,P"]
[Black "Husnutdinov,D"]
[Result "1-0"]
[WhiteElo "2424"]
[BlackElo "2400"]

1.d4 d5 2.c4 dxc4 3.e4 Nf6 4.e5 Nd5 5.Bxc4 Nb6 6.Bb3 Nc6 7.Ne2 Bf5 8.Nbc3 e6
9.a3 Qd7 10.O-O O-O-O 11.Be3 h5 12.Qc1 f6 13.Rd1 Ne7 14.d5 Nexd5 15.a4 fxe5
16.a5 Nxc3 17.bxc3 Nd5 18.c4 Qc6 19.cxd5 Qxc1 20.Raxc1 exd5 21.Rxd5 Rxd5
22.Bxd5 Bb4 23.Ng3 Bg6 24.Bxa7 Bxa5 25.Be6+ Kd8 26.Bc5 Ke8 27.Nf5 Bxf5 28.Bxf5 Rh6
29.Ra1 b6 30.Be3 Rd6 31.Rc1 c5 32.Kf1 Ke7 33.Ke2 Kf6 34.Bd3 g5 35.h4 gxh4
36.Rh1  1-0

[Event "ch-UKR w"]
[Site "Nikolaev UKR"]
[Date "2003.11.05"]
[Round "2"]
[White "Maiko,J"]
[Black "Ushenina,A"]
[Result "1/2-1/2"]
[WhiteElo "2178"]
[BlackElo "2311"]

1.d4 d5 2.c4 dxc4 3.e4 e5 4.Nf3 exd4 5.Bxc4 Nc6 6.O-O Be6 7.Bb5 Bc5 8.Qc2 Bb6
9.Bxc6+ bxc6 10.Qxc6+ Bd7 11.Qc4 Be6 12.Qc6+ Bd7 13.Qc4 Be6 14.Qd3 Ne7 15.b4 O-O
16.Nbd2 f5 17.Re1 Kh8 18.Nb3 Nc6 19.Bg5 Qd7 20.b5 Nb4 21.Qd2 fxe4 22.Rxe4 c5
23.bxc6 Nxc6 24.Nbxd4 Bd5 25.Rh4 Nxd4 26.Nxd4 Rae8 27.Rd1 Qb7 28.Rg4 Qa6
29.Be3 Qxa2 30.Qxa2 Bxa2 31.Ra1 Bd5 32.Rg5 Be4 33.h4 h6 34.Rb5 Rf7 35.Rb4 Bd5
36.Rb5 Be4 37.Rb4 Bd5 38.Rb5 Be4 39.Rb4  1/2-1/2

[Event "ch-UKR"]
[Site "Simferopol UKR"]
[Date "2003.11.12"]
[Round "9"]
[White "Shishkin,Va"]
[Black "Tishin,D"]
[Result "0-1"]
[WhiteElo "2473"]
[BlackElo "2334"]

1.d4 d5 2.c4 dxc4 3.e4 c5 4.d5 Nf6 5.Nc3 b5 6.Bf4 Qa5 7.e5 Ne4 8.Ne2 Na6
9.f3 Nb4 10.fxe4 Nd3+ 11.Kd2 g6 12.Ke3 Bg7 13.g3 g5 14.Bxg5 Bxe5 15.Bg2 Bd4+
16.Kd2 Nxb2 17.Qb1 b4 18.Qxb2 bxc3+ 19.Nxc3 Rb8 20.Qxb8 Qxc3+ 21.Ke2 O-O
22.Qf4 Qd3+ 23.Ke1 Bxa1 24.Bxe7 Bc3+ 25.Kf2 Bd4+ 26.Ke1 Qb1+ 27.Ke2 Qc2+
28.Ke1 Bc3+ 29.Kf1 Qd1+  0-1

[Event "7th BayEM"]
[Site "Bad Wiessee GER"]
[Date "2003.11.15"]
[Round "8"]
[White "Hertneck,G"]
[Black "Levushkina,E"]
[Result "1-0"]
[WhiteElo "2524"]
[BlackElo "2308"]

1.d4 d5 2.c4 dxc4 3.e4 Nf6 4.e5 Nd5 5.Bxc4 Nb6 6.Bd3 Nc6 7.Ne2 Bg4 8.f3 Be6
9.Nbc3 g6 10.Be4 Nd5 11.h4 h5 12.Bg5 Bg7 13.Qd2 Qd7 14.O-O-O Nxc3 15.Nxc3 Bf5
16.Qe3 Rd8 17.e6 fxe6 18.d5 Nb4 19.dxe6 Qxe6 20.Rxd8+ Kxd8 21.Qxa7 Bxe4 22.fxe4 Qc4
23.Rd1+ Ke8 24.Qa4+ c6 25.Qb3 Qxb3 26.axb3 Rf8 27.Be3 Bf6 28.Rh1 Kf7 29.Rd1 Bxh4
30.Rd7 b5 31.e5 Ra8 32.Kb1 Na6 33.Ne2 Ke6 34.Rd4 Be1 35.Rd1 Bb4 36.Nd4+ Kxe5
37.Nxc6+ Ke4 38.Bg1 Bd6 39.Nxe7 Bxe7 40.Re1+ Kd3 41.Rxe7 Rf8 42.Re1 Rf4 43.Kc1 Rg4
44.Re3+ Kd4 45.Re6+ Kd3 46.Ba7 Rg3 47.Rxa6 Rxg2 48.Re6 Rg3 49.Re5 h4 50.Rd5+ Ke2
51.Kc2 h3 52.Bb8 Rg2 53.Kc3 g5 54.Rxb5 g4 55.Rh5 Rg1 56.b4 Rc1+ 57.Kb3 Rc8
58.Bh2 Kf3 59.b5 Kg2 60.Bd6 g3 61.Rg5 Rd8 62.Rxg3+  1-0

[Event "British Rapidplay"]
[Site "Halifax ENG"]
[Date "2003.11.15"]
[Round "3"]
[White "Arkell,K"]
[Black "Mannion,S"]
[Result "1-0"]
[WhiteElo "2513"]
[BlackElo "2348"]

1.d4 d5 2.c4 dxc4 3.e4 Nf6 4.Nc3 e5 5.Nf3 exd4 6.Qxd4 Qxd4 7.Nxd4 Bb4 8.f3 O-O
9.Bxc4 a6 10.Nc2 Bd6 11.Bg5 Nbd7 12.Rd1 b5 13.Be2 Bb7 14.Ne3 h6 15.Bh4 Rfe8
16.Bg3 Bxg3+ 17.hxg3 Rad8 18.Kf2 Ne5 19.Nf5 Rxd1 20.Rxd1 g6 21.Ne3 Ned7 22.a4 c6
23.g4 Kg7 24.b4 Nf8 25.Nc2 h5 26.gxh5 Nxh5 27.Nd4 Nf4 28.Bf1 N4e6 29.Nxe6+ Nxe6
30.Rd7 Bc8 31.Ra7 Rd8 32.Ra8 Bb7 33.Ra7 Bc8 34.Ke3 Rd4 35.Ra8 Bb7 36.Rb8 Rd7
37.g3 f5 38.Bd3 Kf6 39.f4 c5 40.axb5 axb5 41.Bxb5 Re7 42.e5+ Kg7 43.bxc5 Nxc5
44.Bc4 Ne4 45.Nxe4 Bxe4 46.g4 Rc7 47.Rb4 Ra7 48.g5 Ra3+ 49.Kd4 Ra7 50.e6 Kf8
51.Ke5 Ke7 52.Rb5 Ra4 53.Rc5 Ra7 54.Bd5 Bd3 55.Rc8 Bb5 56.Rh8 Ra5 57.Rh7+ Ke8
58.Kf6 Kd8 59.e7+ Kd7 60.Be6+ Kd6 61.Rh8  1-0

[Event "IM"]
[Site "Varazdin CRO"]
[Date "2003.11.24"]
[Round "5"]
[White "Novak,R"]
[Black "Ivanov,J"]
[Result "1/2-1/2"]
[WhiteElo "2140"]
[BlackElo "2426"]

1.d4 d5 2.c4 dxc4 3.e4 Nf6 4.Nc3 e5 5.d5 c6 6.Bg5 Bb4 7.Bxc4 Bxc3+ 8.bxc3 Qa5
9.Bd2 Nxe4 10.dxc6 Nxc6 11.Qf3 Nd6 12.Bb3 O-O 13.Ne2 e4 14.Qf4 Ne5 15.O-O Nec4
16.Rfd1 Qc5 17.Bxc4 Nxc4 18.Qxe4 Bf5 19.Qd4 Qb5 20.Qf4 Bg6 21.Nd4 Qd5 22.Be1 Nb2
23.Rd2 Nd3 24.Qg3 Qc4 25.Re2 Rfe8 26.Rxe8+ Rxe8 27.Bd2 b5 28.Qd6 h6 29.Qc6 Qxc6
30.Nxc6 Re2 31.Be3 a6 32.h3 Rc2 33.Bd4 Nf4 34.Nb4 Rb2 35.Nxa6 Be4 36.Kh2 Ne2
37.Be3 f5 38.a4 f4 39.Bc5 bxa4  1/2-1/2

[Event "IM"]
[Site "Varazdin CRO"]
[Date "2003.11.25"]
[Round "7"]
[White "Novak,R"]
[Black "Fancsy,I"]
[Result "0-1"]
[WhiteElo "2140"]
[BlackElo "2409"]

1.d4 d5 2.c4 dxc4 3.e4 Nc6 4.d5 Ne5 5.Bxc4 Nxc4 6.Qa4+ c6 7.Qxc4 cxd5 8.exd5 a6
9.Bf4 e6 10.Nc3 Nf6 11.O-O-O exd5 12.Nxd5 Nxd5 13.Rxd5 Bd7 14.Qe4+ Be7 15.Ne2 Qc8+
16.Nc3 Be6 17.Bg5 Qc7 18.Kb1 O-O 19.Bxe7 Qxe7 20.f4 Rfe8 21.Rd2 Bxa2+ 22.Kxa2 Qxe4
23.Nxe4 Rxe4 24.Rhd1 g6 25.g3 Rae8 26.Kb3 Kg7 27.Rd7 R8e7 28.Rxe7 Rxe7 29.Rd2 h5
30.Kb4 b6 31.b3 h4 32.Rd6 Re6 33.Rd7 Re4+ 34.Ka3 Kf6 35.Ra7 h3 36.Rxa6 Re2
37.g4 Rxh2 38.Rxb6+ Kg7 39.Rd6 Rg2 40.Rd3 Rxg4 41.Rxh3 Rxf4 42.b4 g5 43.b5 g4
44.Rh2 Re4 45.b6 f5 46.b7 Re8 47.Rc2 Rb8 48.Rc7+ Kg6 49.Kb3 g3 50.Kc3 g2
51.Rc8 Rxb7  0-1

[Event "Bundesliga 2003-4"]
[Site "Koelln GER"]
[Date "2003.12.14"]
[Round "6"]
[White "Beliavsky,A"]
[Black "Bischoff,K"]
[Result "1-0"]
[WhiteElo "2667"]
[BlackElo "2564"]

1.d4 d5 2.c4 dxc4 3.e4 Nf6 4.e5 Nd5 5.Bxc4 Nb6 6.Bd3 Nc6 7.Ne2 e6 8.Nbc3 Bd7
9.Be4 Qe7 10.a4 a6 11.a5 Nc4 12.Bxc6 Bxc6 13.b3 Nxa5 14.Rxa5 Bxg2 15.Rg1 Bc6
16.Ba3 Qh4 17.Bxf8 Kxf8 18.Qc1 Qxh2 19.Qa3+ Kg8 20.Qe7 h5 21.d5 exd5 22.e6 Rf8
23.Nxd5 Rh6 24.Qg5 Qxg1+ 25.Qxg1 Rxe6 26.Nf4  1-0

[Event "Open"]
[Site "Interlaken SUI"]
[Date "2003.12.27"]
[Round "2"]
[White "Stojanovic,Mih"]
[Black "Peredy,F"]
[Result "1-0"]
[WhiteElo "2506"]
[BlackElo "2300"]

1.d4 d5 2.c4 dxc4 3.e4 e5 4.Nf3 exd4 5.Bxc4 Nc6 6.O-O Nf6 7.e5 Nd5 8.Nxd4 Nxd4
9.Qxd4 Be6 10.Bg5 Be7 11.Bxe7 Nxe7 12.Qe4 Bd5 13.Qe2 O-O 14.Nc3 Bxc4 15.Qxc4 Nc6
16.Rad1 Qe7 17.f4 Rad8 18.Nd5 Qe6 19.b3 Qg4 20.h3 Qh5 21.Rd3 Qe2 22.Nf6+ Kh8
23.Rxd8 Qe3+ 24.Kh2 Rxd8 25.Nd5 Qd4 26.Qxd4 Nxd4 27.Nxc7 Nf5 28.g4 Rd2+ 29.Kg1 Ne3
30.Rf3 Nc2 31.Nb5 Nb4 32.Nd6 h5 33.Nxf7+ Kg8 34.e6 hxg4 35.hxg4 g6 36.Ne5 Re2
37.e7  1-0

[Event "Aeroflot Open"]
[Site "Moscow RUS"]
[Date "2004.02.18"]
[Round "2"]
[White "Van Wely,L"]
[Black "Romanishin,O"]
[Result "1-0"]
[WhiteElo "2617"]
[BlackElo "2537"]

1.d4 d5 2.c4 dxc4 3.e4 e5 4.Nf3 Bb4+ 5.Nc3 exd4 6.Nxd4 Ne7 7.Bxc4 Nbc6 8.Be3 Nxd4
9.Bxd4 O-O 10.a3 Ba5 11.O-O Bb6 12.Bxb6 axb6 13.f4 Ng6 14.Qxd8 Rxd8 15.Rad1 Rxd1
16.Rxd1 Bg4 17.Rf1 Bd7 18.Nd5 Kf8 19.Rd1 Bg4 20.Rc1 Rd8 21.h3 Bd7 22.f5 Ne5
23.Nxc7 Bc6 24.Nd5 Nxc4 25.Rxc4 Bxd5 26.Rd4 Ke7 27.exd5 Kf6 28.Rb4 Rd6 29.Rb5 Ke5
30.Kf2 h5 31.g4 Ke4 32.Kg3 g6 33.fxg6 Rxg6 34.d6 Rxd6 35.Rf5 f6 36.Kh4 Kd3
37.Kxh5 Kc2 38.Rb5 Kb1 39.Kg6 Ka2 40.Rb4 Rc6 41.Kf7 Kb1 42.a4 Kc2 43.Kg6 Kc1
44.Rf4 Kxb2 45.Rxf6 Ka3 46.g5 Rc7 47.Rf4 Rc6+ 48.Kh5 Rc5 49.Kh4 b5 50.axb5 Rxb5
51.g6 Rb6 52.g7 Rg6 53.Rg4 Rxg7 54.Rxg7 b5 55.Ra7+ Kb3 56.Kg3 b4 57.Kf2 Kc2
58.Ke2 b3 59.Rc7+ Kb1 60.Kd2  1-0

[Event "2nd IM"]
[Site "Nancy FRA"]
[Date "2004.02.21"]
[Round "8"]
[White "Nguyen Chi Minh"]
[Black "Milliet,S"]
[Result "0-1"]
[WhiteElo "2375"]
[BlackElo "2326"]

1.d4 d5 2.c4 dxc4 3.e4 Nc6 4.Nf3 Bg4 5.Bxc4 e6 6.Be3 Bxf3 7.gxf3 Qf6 8.Bb5 Ne7
9.Nd2 a6 10.Qa4 O-O-O 11.Bxa6 bxa6 12.Qxa6+ Kd7 13.Rc1 Rb8 14.O-O h5 15.Rfd1 h4
16.Nc4 Ke8 17.Ne5 Nxe5 18.dxe5 Qxe5 19.Rc5 Qxb2 20.Qc4 c6 21.Rxc6 Qb5 22.Qxb5 Rxb5
23.Ra6 Rb8 24.a4 Ng6 25.a5 Rh5 26.Rb6 Ra8 27.a6 Ra5 28.Rdb1 R5xa6 29.Rxa6 Rxa6
30.Rb8+ Kd7 31.Rb7+ Kc6 32.Rxf7 h3 33.Kf1 Ra1+ 34.Ke2 Rh1 35.f4 Rxh2 36.f5 Rg2  0-1

[Event "Aeroflot Open"]
[Site "Moscow RUS"]
[Date "2004.02.24"]
[Round "8"]
[White "Zhang Zhong"]
[Black "Sorokin,M"]
[Result "1/2-1/2"]
[WhiteElo "2639"]
[BlackElo "2574"]

1.d4 d5 2.c4 dxc4 3.e4 e5 4.Nf3 Bb4+ 5.Bd2 Bxd2+ 6.Nbxd2 exd4 7.Bxc4 Qf6
8.O-O Ne7 9.e5 Qg6 10.Nxd4 Nbc6 11.Nxc6 Nxc6 12.f4 O-O 13.Nf3 Bg4 14.Bd3 Qh6
15.Qb1 Qxf4 16.Bxh7+ Kh8 17.Qe4 Qxe4 18.Bxe4 Bxf3 19.Rxf3 Nxe5 20.Rb3 Rab8
21.Bxb7 Rfd8 22.Bd5 Rb6 23.Rh3+ Kg8 24.Bb3 c5 25.Re3 c4 26.Bd1 f6 27.b3 Rd2
28.Kf1 Rb2 29.bxc4 Nxc4 30.Rd3 Rb1 31.Rxb1 Rxb1 32.Kf2 Rb2+ 33.Kg3 Nd2 34.a3 Kf8
35.Rd8+ Ke7 36.Ra8 Rb7 37.Kf4 Nc4 38.Bf3 Rd7 39.a4 Nb6 40.Rb8 Nxa4 41.Bc6 Rd4+
42.Kf5 Nc5 43.Ra8 a6 44.Ra7+ Kf8 45.h3 Nd3 46.Ra8+ Kf7 47.Be8+ Ke7 48.Kg6 Nf4+
49.Kxg7 Nxg2 50.Bg6  1/2-1/2

[Event "Aeroflot Open"]
[Site "Moscow RUS"]
[Date "2004.02.24"]
[Round "8"]
[White "Van Wely,L"]
[Black "Sasikiran,K"]
[Result "1/2-1/2"]
[WhiteElo "2617"]
[BlackElo "2654"]

1.d4 d5 2.c4 dxc4 3.e4 e5 4.Nf3 exd4 5.Bxc4 Nc6 6.O-O Be6 7.Bxe6 fxe6 8.Qb3 Qd7
9.Qxb7 Rb8 10.Qa6 Nf6 11.Nbd2 Bd6 12.b3 O-O 13.Bb2 Bf4 14.Qd3 Rbd8 15.Nc4 Nb4
16.Qxd4 Qe7 17.Qxa7 Ra8 18.Bxf6 gxf6 19.Qd4 Nc2 20.Qc3 Nxa1 21.Rxa1 c5 22.g3 Bh6
23.Qc2 Qb7 24.h4 f5 25.Re1 Rad8 26.Kg2 Rf6 27.e5 Rg6 28.Nd6 Qb4 29.Rd1 Rf8
30.Qc4 f4 31.h5 Qxc4 32.Nxc4 Rg7 33.Rd3 fxg3 34.fxg3 Rg4 35.a4 Bf4 36.Ng1 Bg5
37.a5 Rd4 38.Rxd4 cxd4 39.Nf3 Be3 40.Ne1 Rb8 41.Nd3 Rxb3 42.a6 Rb1 43.Kf3 Ra1
44.Nc5 Bg1 45.Ke4 d3 46.Nxe6 Rxa6 47.Ng5 Bh2 48.g4 d2 49.Nxd2 Ra4+ 50.Kf5 Rf4+
51.Ke6 Rxg4 52.Nde4 Kg7 53.Kd5 Bxe5  1/2-1/2

[Event "21st Open"]
[Site "Reykjavik ISL"]
[Date "2004.03.15"]
[Round "8"]
[White "Krush,I"]
[Black "Bergsson,Sn"]
[Result "1-0"]
[WhiteElo "2465"]
[BlackElo "2270"]

1.d4 d5 2.c4 dxc4 3.e4 e5 4.Nf3 exd4 5.Bxc4 Nc6 6.O-O Be6 7.Bb5 Bc5 8.Ng5 Qd7
9.Nxe6 Qxe6 10.Bf4 Bb6 11.a4 a5 12.Nd2 Ne7 13.Bg3 O-O 14.f4 d3+ 15.Kh1 Bd4
16.Bc4 Qh6 17.Qb3 Nb4 18.Nf3 Nec6 19.Rad1 Be3 20.f5 Bf4 21.Bxf4 Qxf4 22.Bxd3 Rad8
23.Bc4 Rxd1 24.Rxd1 Kh8 25.Bxf7 Qxe4 26.Be6 h6 27.h3 Rd8 28.Rxd8+ Nxd8 29.Bc8 Qd3
30.Qxd3 Nxd3 31.b3 Nc5 32.Nd4 Kg8 33.Kh2 Kf8 34.Kg3 Ke7 35.Kf4 Nc6 36.Ne6 Nxe6+
37.Bxe6 Nd4 38.Bc4 Kd6 39.g4 c6 40.Ke4 c5 41.h4 Nc6 42.Kf4 b6 43.g5 hxg5+
44.Kxg5 Ke5 45.h5 Nd4 46.f6 gxf6+ 47.Kg6 Nf3 48.h6 Ng5 49.h7 Nxh7 50.Kxh7 f5
51.Kg6 f4 52.Kg5 Ke4 53.Kg4 Ke3 54.Bb5 Ke4 55.Bc6+ Kd4 56.Kxf4 Kc3 57.Bd5 Kb4
58.Bc4  1-0

[Event "It"]
[Site "Pinamar ARG"]
[Date "2004.04.01"]
[Round "9"]
[White "Lafuente,P"]
[Black "Ricardi,P"]
[Result "1/2-1/2"]
[WhiteElo "2424"]
[BlackElo "2540"]

1.d4 d5 2.c4 dxc4 3.e4 c5 4.d5 Nf6 5.Nc3 e6 6.Bxc4 exd5 7.Nxd5 Nxd5 8.Bxd5 Be7
9.Ne2 Nd7 10.O-O Nf6 11.Nc3 Nxd5 12.Nxd5 O-O 13.Qc2 Be6  1/2-1/2

[Event "Rapid Open"]
[Site "Cergy Pontoise FRA"]
[Date "2004.05.16"]
[Round "6"]
[White "Epishin,V"]
[Black "Michiels,B"]
[Result "1-0"]
[WhiteElo "2610"]
[BlackElo "2425"]

1.d4 d5 2.c4 dxc4 3.e4 Nc6 4.d5 Ne5 5.Bf4 Ng6 6.Be3 Nf6 7.Nc3 e6 8.Bxc4 exd5
9.exd5 Bd6 10.Nf3 O-O 11.h3 a6 12.O-O Ne5 13.Nxe5 Bxe5 14.Re1 Re8 15.Bd4 Qd6
16.Bxe5 Rxe5 17.Rxe5 Qxe5 18.Be2 Bd7 19.Bf3 Rd8 20.Qd2 Bc8 21.Re1 Qd6 22.Ne4 Nxe4
23.Rxe4 h6 24.Qc3 Bf5 25.Re3 Bd7 26.a3 Re8 27.Rxe8+ Bxe8 28.Qe3 Kf8 29.b4 b6
30.Qc3 Bd7 31.h4 Bc8 32.g3 Bb7 33.Qc4 Ke7 34.a4 Qd7 35.a5 Qd6 36.Kg2 Kd8
37.Kg1 Qe5 38.Kh2 Qd6 39.Bg2 Ke8 40.Qe4+ Kf8 41.Qc4 h5 42.Qd4 Bc8 43.Qe4 g6
44.Qd4 Kg8 45.Qc4 Bb7 46.Qe4 Kf8 47.f4 Kg7 48.Qe5+ Qxe5 49.fxe5 bxa5 50.d6 Bc8
51.Bb7 Bd7 52.bxa5 cxd6 53.exd6 Kf6 54.Bxa6 Ke5 55.Bc4 f6 56.a6 Kxd6 57.Bf7 g5
58.a7 Bc6 59.g4 hxg4 60.h5 Ke7 61.Bg6 Kf8 62.h6 Ba8 63.Kg3 Kg8 64.Kxg4 Bg2
65.Kg3 Bd5 66.Bh5 Kh7 67.Bf3 Bxf3 68.Kxf3 Kxh6 69.a8=Q Kg6 70.Qc6 Kf7 71.Kg4 Kg6
72.Qe4+  1-0